000 00401nam a22001697a 4500
003 CEME
005 20210628202511.0
008 210203b xxu||||| |||| 00| 0 eng d
020 _a9789690021915
040 _c.
082 _a910.4 JAW
100 _aJawad Sherazi
_960185
245 _aSunnahray parbat neeli jheelain
260 _aLAHORE
_bFEROZ SONS
_c2010
300 _a180P
942 _cBK
_2ddc
999 _c569981
_d569981